A large cabinet that will never fall over (Record no. 69857)
[ view plain ]
| 000 -LEADER | |
|---|---|
| fixed length control field | 00959cam a2200229 4500 |
| 001 - CONTROL NUMBER | |
| control field | ABS65261 |
| 008 - FIXED-LENGTH DATA ELEMENTS--GENERAL INFORMATION | |
| fixed length control field | 020327n2002 000 0 eng u |
| 035 ## - SYSTEM CONTROL NUMBER | |
| System control number | (Sirsi) u117266 |
| 100 ## - MAIN ENTRY--PERSONAL NAME | |
| Personal name | Tinworth, A. |
| 245 #2 - TITLE STATEMENT | |
| Title | A large cabinet that will never fall over |
| 260 ## - PUBLICATION, DISTRIBUTION, ETC. | |
| Date of publication, distribution, etc. | 2002 |
| 490 ## - SERIES STATEMENT | |
| Series statement | Estates Gazette |
| Volume/sequential designation | (0211) 16 March 2002, 138-139(2) |
| 520 ## - SUMMARY, ETC. | |
| Summary, etc. | Investigates a deal involving multiple parties, external finance, a new limited company and US involvement which was completed using a virtual room - an eRoom - to store, sort and restrict access to the vast range of electronic documents. DJ Freeman, who was acting for the buyers are firm advocates of the practicalities of using the virtual room. |
| 590 ## - LOCAL NOTE (RLIN) | |
| Local note | ABS |
| 650 ## - SUBJECT ADDED ENTRY--TOPICAL TERM | |
| Topical term or geographic name entry element | E-COMMERCE |
| 650 ## - SUBJECT ADDED ENTRY--TOPICAL TERM | |
| Topical term or geographic name entry element | PROPERTY DEALS |
| 650 ## - SUBJECT ADDED ENTRY--TOPICAL TERM | |
| Topical term or geographic name entry element | VIRTUAL ROOM |
| 650 ## - SUBJECT ADDED ENTRY--TOPICAL TERM | |
| Topical term or geographic name entry element | ONLINE STORAGE |
| 650 ## - SUBJECT ADDED ENTRY--TOPICAL TERM | |
| Topical term or geographic name entry element | DOCUMENT STORAGE |
| 690 ## - LOCAL SUBJECT ADDED ENTRY--TOPICAL TERM (OCLC, RLIN) | |
| Topical term or geographic name as entry element | MANAGEMENT-BUSINESS MANAGEMENT-INFORMATION MANAGEMENT |
| 942 ## - ADDED ENTRY ELEMENTS (KOHA) | |
| Suppress in OPAC | 0 |
| Withdrawn status | Lost status | Source of classification or shelving scheme | Damaged status | Not for loan | Home library | Current library | Shelving location | Date acquired | Total Checkouts | Full call number | Barcode | Date last seen | Copy number | Price effective from | Koha item type |
|---|---|---|---|---|---|---|---|---|---|---|---|---|---|---|---|
| Dewey Decimal Classification | London | London | Journal article | 27/03/2002 | ABS65261 | 117266-1001 | 06/08/2019 | 1 | 06/08/2019 | Journal article |